000 00287 a2200073 4500
082 _a629.136 ADV
245 _aAdvisory Circular : Development of State Standards for Nonprimary Airports /
_cUS Dept of Transportation FAA
260 _aUSA :
_cFederal Aviation Adminstration,
_b1999
300 _avariouse pages :
_bill. ;
_c27cm
999 _c1635
_d1635